|
|
|
|
| LEADER |
02211nam a2200625 4500 |
| 001 |
ocn864808990 |
| 003 |
OCoLC |
| 005 |
20170124072216.5 |
| 006 |
m o d |
| 007 |
cr ||||||||||| |
| 008 |
131206s2014 nju o 001 0 eng |
| 010 |
|
|
|a 2013048816
|
| 040 |
|
|
|a DLC
|b eng
|e rda
|c DLC
|d YDX
|d N$T
|d DG1
|d YDXCP
|d CUS
|d IUL
|d DEBBG
|d RECBK
|d E7B
|d COO
|d S3O
|d GrThAP
|
| 019 |
|
|
|a 961629370
|a 962642249
|
| 020 |
|
|
|a 9781118816516 (ePub)
|
| 020 |
|
|
|a 111881651X (ePub)
|
| 020 |
|
|
|a 9781118816486 (Adobe PDF)
|
| 020 |
|
|
|a 111881648X (Adobe PDF)
|
| 020 |
|
|
|z 9781118816547 (pbk.)
|
| 020 |
|
|
|a 9781118816530
|
| 020 |
|
|
|a 1118816536
|
| 020 |
|
|
|a 1118816544
|
| 020 |
|
|
|a 9781118816547
|
| 029 |
1 |
|
|a NZ1
|b 15500036
|
| 029 |
1 |
|
|a DEBBG
|b BV041818986
|
| 035 |
|
|
|a (OCoLC)864808990
|z (OCoLC)961629370
|z (OCoLC)962642249
|
| 042 |
|
|
|a pcc
|
| 050 |
0 |
0 |
|a HN18.3
|
| 072 |
|
7 |
|a SOC
|x 000000
|2 bisacsh
|
| 082 |
0 |
0 |
|a 303.3
|2 23
|
| 049 |
|
|
|a MAIN
|
| 245 |
0 |
0 |
|a Evidence and evaluation in social policy /
|c edited by Ian Greener and Bent Greve.
|
| 264 |
|
1 |
|a Chichester, West Sussex :
|b Wiley Blackwell,
|c 2014.
|
| 300 |
|
|
|a 1 online resource.
|
| 336 |
|
|
|a text
|2 rdacontent
|
| 337 |
|
|
|a computer
|2 rdamedia
|
| 338 |
|
|
|a online resource
|2 rdacarrier
|
| 490 |
1 |
|
|a Broadening perspectives on social policy
|
| 500 |
|
|
|a Includes index.
|
| 588 |
|
|
|a Description based on print version record and CIP data provided by publisher.
|
| 504 |
|
|
|a Includes bibliographical references and index.
|
| 650 |
|
0 |
|a Social policy
|x Evaluation.
|
| 650 |
|
0 |
|a Social planning
|x Evaluation.
|
| 650 |
|
0 |
|a Public welfare
|x Evaluation.
|
| 650 |
|
7 |
|a SOCIAL SCIENCE
|x General.
|2 bisacsh
|
| 650 |
|
7 |
|a Makt (samhällsvetenskap)
|2 sao
|
| 650 |
|
7 |
|a Sociologi.
|2 sao
|
| 655 |
|
4 |
|a Electronic books.
|
| 655 |
|
0 |
|a Electronic books.
|
| 700 |
1 |
|
|a Greener, Ian.
|
| 700 |
1 |
|
|a Greve, Bent.
|
| 776 |
0 |
8 |
|i Print version:
|t Evidence and evaluation in social policy
|d Hoboken, New Jersey : John Wiley & Sons, Inc., 2014
|z 9781118816547
|w (DLC) 2013044545
|
| 830 |
|
0 |
|a Broadening perspectives on social policy.
|
| 856 |
4 |
0 |
|u https://doi.org/10.1002/9781118816530
|z Full Text via HEAL-Link
|
| 994 |
|
|
|a 92
|b DG1
|